La teología de la liberación es la teología de la Iglesia de los pobres
Sábháilte in:
| Príomhchruthaitheoir: | |
|---|---|
| Formáid: | LEABHAR |
| Teanga: | Spanish |
| Foilsithe / Cruthaithe: |
San José, Costa Rica
DEI
1985
|
| Ábhair: | |
| Clibeanna: |
Cuir clib leis
Níl clibeanna ann, Bí ar an gcéad duine le clib a chur leis an taifead seo!
|
MARC
| LEADER | 00000nam a22000007a 4500 | ||
|---|---|---|---|
| 003 | cru CIDCACS/IIS | ||
| 005 | 20180910103017.0 | ||
| 008 | 180910b1985 cr ||||| |||| 00| 0 spa d | ||
| 999 | |c 41661 |d 41661 | ||
| 040 | |c cru CIDCACS/IIS | ||
| 090 | |a REV0750 (3) 1985 | ||
| 100 | 1 | |9 7660 |a Richard, Pablo | |
| 245 | 1 | 3 | |a La teología de la liberación es la teología de la Iglesia de los pobres |c Pablo, Richard |
| 260 | |a San José, Costa Rica |b DEI |c 1985 | ||
| 300 | |a 21-22 páginas | ||
| 650 | 0 | |9 4684 |a CRISTIANOS | |
| 650 | 0 | |9 236 |a MARXISMO | |
| 650 | 0 | |9 3285 |a TEOLOGIA DE LA LIBERACION | |
| 651 | 1 | 0 | |9 128 |a AMERICA CENTRAL |
| 773 | 0 | |0 41641 |9 2228 |a Departamento Ecuménico de Investigaciones (DEI) |d San José, Costa Rica Departamento Ecuménico de Investigaciones (DEI) |o 20020 |t Pasos / | |
| 942 | |2 ddc |c PP | ||
